000 00377nam a2200169Ia 4500
003 IT-RoPAU
008 120407s9999 xx 000 0 und d
040 _aIT-RoPAU
040 _cIT-RoPAU
100 _aSoren Kierkegaard
245 _aAut-aut. Un testo base dell'esistenzialismo
250 _aMilano
260 _aMondadori
300 _c cm
490 _v1
942 _cBK
999 _c8448
_d8448